[Event "IV Festival Internacional DUCHAMP in RIO Master - 7 a 14 dezembro - 15.000 USD"]
[Site "Hotel South American, Copacabana , Rio de Janeiro, RJ"]
[Date "2022.12.09"]
[Round "3"]
[Board "1"]
[White "Fier, Alexandr"]
[Black "Gauche, Charles"]
[Result "1-0"]
[WhiteElo "2600"]
[BlackElo "2221"]
[PlyCount "67"]
[EventDate "2022.12.07"]
[EventRounds "9"]
[EventCountry "BRA"]

1. c4 c5 2. Nf3 Nc6 3. d4 cxd4 4. Nxd4 e5 5. Nb5 d6 6. e4 Be7 7. N5c3 Nf6 8. Bd3
O-O 9. O-O Nd7 10. Nd5 Nc5 11. Nbc3 Bg5 12. Be3 Ne6 13. Qd2 Bxe3 14. fxe3 Nc5 15.
b4 Nxd3 16. Qxd3 Bg4 17. Rab1 Rc8 18. Rb2 Qg5 19. Rbf2 Be6 20. a3 Rfd8 21. Rf5 Bxf5
22. exf5 e4 23. Nxe4 Qh4 24. f6 Ne5 25. Ne7+ Kf8 26. Qd5 Rxc4 27. fxg7+ Kxe7 28.
Nxd6 Rxd6 29. Qxe5+ Re6 30. Qf5 Rc8 31. Qxf7+ Kd6 32. Rd1+ Ke5 33. g8=Q Rxg8 34.
Qxg8  1-0

[Event "IV Festival Internacional DUCHAMP in RIO Master - 7 a 14 dezembro - 15.000 USD"]
[Site "Hotel South American, Copacabana , Rio de Janeiro, RJ"]
[Date "2022.12.09"]
[Round "3"]
[Board "2"]
[White "Tomiello, Lucas Costamilan"]
[Black "El Debs, Felipe De Cresce"]
[Result "1-0"]
[WhiteElo "2209"]
[BlackElo "2545"]
[PlyCount "73"]
[EventDate "2022.12.07"]
[EventRounds "9"]
[EventCountry "BRA"]

1. e4 c5 2. Nf3 d6 3. d4 cxd4 4. Nxd4 Nf6 5. Nc3 Nc6 6. Bg5 e6 7. Qd2 a6 8. O-O-O
Bd7 9. f4 Be7 10. Kb1 h6 11. Bh4 b5 12. a3 O-O 13. Nf3 b4 14. axb4 Nxb4 15. e5 Nfd5
16. Nxd5 Nxd5 17. Bxe7 Qxe7 18. c4 Ba4 19. Rc1 Nb6 20. exd6 Qb7 21. c5 Nd5 22. Bc4
Nb4 23. Ne5 Rab8 24. Rhe1 Bc6 25. Nxc6 Qxc6 26. Re5 Kh8 27. f5 f6 28. Rxe6 Qxc5 29.
g4 Rbd8 30. d7 Qa5 31. Rce1 Qc5 32. Bb3 Nc6 33. Rc1 Qd4 34. Qxd4 Nxd4 35. Ba4 Kg8
36. Re8 Kf7 37. Rc8  1-0

[Event "IV Festival Internacional DUCHAMP in RIO Master - 7 a 14 dezembro - 15.000 USD"]
[Site "Hotel South American, Copacabana , Rio de Janeiro, RJ"]
[Date "2022.12.09"]
[Round "3"]
[Board "3"]
[White "Viana, Dirceu"]
[Black "Galego, Luis"]
[Result "0-1"]
[WhiteElo "2199"]
[BlackElo "2471"]
[PlyCount "72"]
[EventDate "2022.12.07"]
[EventRounds "9"]
[EventCountry "BRA"]

1. d4 Nf6 2. Nf3 d6 3. g3 Nbd7 4. Bg2 e5 5. c4 c6 6. Nc3 Be7 7. O-O O-O 8. Qc2 Re8
9. b3 Bf8 10. e3 a6 11. Bb2 g6 12. a4 e4 13. Nd2 d5 14. Ba3 Bxa3 15. Rxa3 Nf8 16.
b4 h5 17. a5 Bf5 18. Na4 Ne6 19. Nb6 Rb8 20. cxd5 cxd5 21. Rc1 h4 22. Qa4 Kg7 23.
Rac3 hxg3 24. hxg3 Ng5 25. b5 axb5 26. Qxb5 Rh8 27. Rc5 Be6 28. R5c2 Ng4 29. Nb3
Nh2 30. Nd2 Rh5 31. Qc5 Qf6 32. Qd6 Rbh8 33. Nd7 Ngf3+ 34. Nxf3 Nxf3+ 35. Kf1 Rh1+
36. Ke2 Nxd4+  0-1

[Event "IV Festival Internacional DUCHAMP in RIO Master - 7 a 14 dezembro - 15.000 USD"]
[Site "Hotel South American, Copacabana , Rio de Janeiro, RJ"]
[Date "2022.12.09"]
[Round "3"]
[Board "4"]
[White "Aranha Filho, Alvaro Z."]
[Black "Lima, Darcy"]
[Result "0-1"]
[WhiteElo "2196"]
[BlackElo "2424"]
[PlyCount "78"]
[EventDate "2022.12.07"]
[EventRounds "9"]
[EventCountry "BRA"]

1. Nf3 Nf6 2. c4 e6 3. g3 d5 4. d4 dxc4 5. Bg2 Nbd7 6. Qa4 a6 7. Nc3 Rb8 8. Qxc4
b5 9. Qd3 Bb7 10. O-O c5 11. Bf4 Rc8 12. dxc5 Bxc5 13. Ne5 Bxg2 14. Kxg2 Nxe5 15.
Qxd8+ Kxd8 16. Bxe5 Ke7 17. Rac1 Bd6 18. Bxd6+ Kxd6 19. Kf3 Ke5 20. e3 g5 21. h3
h5 22. Ke2 g4 23. h4 Rc4 24. Nb1 Rhc8 25. Rxc4 Rxc4 26. Kd3 Ne4 27. Nc3 Nxc3 28.
bxc3 Ra4 29. f4+ gxf3 30. Rxf3 f5 31. Rf2 Ra3 32. Rb2 Kd5 33. Rd2 Kc5 34. e4 fxe4+
35. Kxe4 Rxc3 36. Kf4 e5+ 37. Ke4 Rxg3 38. Rd5+ Kc4 39. Rxe5 Rg4+  0-1

[Event "IV Festival Internacional DUCHAMP in RIO Master - 7 a 14 dezembro - 15.000 USD"]
[Site "Hotel South American, Copacabana , Rio de Janeiro, RJ"]
[Date "2022.12.09"]
[Round "3"]
[Board "5"]
[White "Fernandez, Maria Florencia"]
[Black "Romanishin, Oleg M"]
[Result "0-1"]
[WhiteElo "2196"]
[BlackElo "2412"]
[PlyCount "60"]
[EventDate "2022.12.07"]
[EventRounds "9"]
[EventCountry "BRA"]

1. d4 Nf6 2. c4 e6 3. Nf3 Bb4+ 4. Nc3 b6 5. g3 Bb7 6. Bg2 O-O 7. O-O Bxc3 8. bxc3
d6 9. Re1 Nbd7 10. Bg5 h6 11. Bxf6 Nxf6 12. e3 Re8 13. Qb3 Be4 14. Rad1 Qc8 15. Nd2
Bxg2 16. Kxg2 e5 17. c5 dxc5 18. d5 e4 19. c4 Qf5 20. Rb1 Ng4 21. Rf1 Ne5 22. Qd1
Rad8 23. Qe2 Rd6 24. Rbc1 Rf6 25. f4 exf3+ 26. Nxf3 Qe4 27. Rc3 Ng4 28. Kg1 Nxe3
29. Nd2 Qd4 30. Rd3 Nxf1+  0-1

[Event "IV Festival Internacional DUCHAMP in RIO Master - 7 a 14 dezembro - 15.000 USD"]
[Site "Hotel South American, Copacabana , Rio de Janeiro, RJ"]
[Date "2022.12.09"]
[Round "3"]
[Board "6"]
[White "Lujan, Carolina"]
[Black "Librelato, Kathie Goulart"]
[Result "1-0"]
[WhiteElo "2323"]
[BlackElo "2194"]
[PlyCount "57"]
[EventDate "2022.12.07"]
[EventRounds "9"]
[EventCountry "BRA"]

1. e4 e5 2. Nf3 Nc6 3. Bc4 Nf6 4. d3 h6 5. Nc3 d6 6. a3 g6 7. h3 Bg7 8. Be3 O-O 9.
Qd2 Kh7 10. g4 Nd7 11. O-O-O Nb6 12. Nd5 Nd4 13. Bxd4 exd4 14. g5 c6 15. Nxb6 axb6
16. Rdg1 b5 17. Bb3 h5 18. Nh4 c5 19. f4 b4 20. f5 Be5 21. Bxf7 bxa3 22. bxa3 Rxa3
23. Nxg6 Rxf7 24. Nxe5 Rf8 25. g6+ Kg7 26. Nf7 Rxf7 27. gxf7+ Kxf7 28. Qh6 Ra1+ 29.
Kd2  1-0

[Event "IV Festival Internacional DUCHAMP in RIO Master - 7 a 14 dezembro - 15.000 USD"]
[Site "Hotel South American, Copacabana , Rio de Janeiro, RJ"]
[Date "2022.12.09"]
[Round "3"]
[Board "7"]
[White "Federzoni, Enzo"]
[Black "Menna Barreto, Felipe Kubiaki"]
[Result "0-1"]
[WhiteElo "2177"]
[BlackElo "2322"]
[PlyCount "72"]
[EventDate "2022.12.07"]
[EventRounds "9"]
[EventCountry "BRA"]

1. e4 c6 2. d4 d5 3. e5 c5 4. dxc5 e6 5. a3 Bxc5 6. b4 Bb6 7. Nf3 Ne7 8. Bd3 Nbc6
9. Bb2 Ng6 10. O-O Nf4 11. c4 O-O 12. c5 Bc7 13. Bc2 f6 14. g3 fxe5 15. gxf4 Rxf4
16. Kh1 e4 17. Rg1 g6 18. Nbd2 Bd7 19. Ng5 Rxf2 20. Nf1 Qe7 21. Nh3 Rf3 22. Ng5 Rf5
23. Qg4 Ne5 24. Bxe5 Bxe5 25. Rd1 Raf8 26. Ne3 Rf2 27. Rg2 Rxg2 28. Nxg2 h5 29. Qe2
Qxg5 30. Bxe4 Ba4 31. Bc2 Bxc2 32. Qxc2 Qf6 33. Qd3 Kg7 34. Rg1 Bd4 35. Re1 e5 36.
b5 Bxc5  0-1

[Event "IV Festival Internacional DUCHAMP in RIO Master - 7 a 14 dezembro - 15.000 USD"]
[Site "Hotel South American, Copacabana , Rio de Janeiro, RJ"]
[Date "2022.12.09"]
[Round "3"]
[Board "8"]
[White "Rodi, Luis Ernesto"]
[Black "Moura, Eduardo Eugenio Chaves"]
[Result "0-1"]
[WhiteElo "2303"]
[BlackElo "2098"]
[PlyCount "91"]
[EventDate "2022.12.07"]
[EventRounds "9"]
[EventCountry "BRA"]

1. e4 d6 2. d4 Nf6 3. Nc3 g6 4. Bg5 Bg7 5. f4 h6 6. Bh4 c6 7. e5 Nd5 8. Nxd5 cxd5
9. Qd2 Nc6 10. O-O-O Bf5 11. Nf3 Rc8 12. a3 Na5 13. Bb5+ Kf8 14. Ba4 b5 15. exd6
Qb6 16. dxe7+ Ke8 17. Qb4 bxa4 18. Qxa4+ Qc6 19. Qxc6+ Rxc6 20. Ne1 Nb3+ 21. Kb1
Nxd4 22. Rd2 Be4 23. Ka2 Nf5 24. Bf2 a5 25. c3 Kxe7 26. Nd3 Re8 27. Nc5 Kf8 28. Re1
Nd6 29. Ka1 Bxg2 30. Nd7+ Kg8 31. Rxe8+ Nxe8 32. Bb6 Bh3 33. Bxa5 Bxd7 34. Rxd5 Rd6
35. Rxd6 Nxd6 36. Bc7 Nb5 37. Bb8 Nxc3 38. bxc3 Bxc3+ 39. Kb1 Ba4 40. Bd6 f5 41.
h4 Kf7 42. Bc5 Ke6 43. Bf8 h5 44. Bb4 Bxb4 45. axb4 Kd5 46. Kb2  0-1

[Event "IV Festival Internacional DUCHAMP in RIO Master - 7 a 14 dezembro - 15.000 USD"]
[Site "Hotel South American, Copacabana , Rio de Janeiro, RJ"]
[Date "2022.12.09"]
[Round "3"]
[Board "9"]
[White "Becker, Rogerio Sperb"]
[Black "Limp, Eduardo Thelio"]
[Result "0-1"]
[WhiteElo "2135"]
[BlackElo "2290"]
[PlyCount "74"]
[EventDate "2022.12.07"]
[EventRounds "9"]
[EventCountry "BRA"]

1. c4 Nf6 2. Nf3 e6 3. g3 d5 4. b3 c5 5. Bg2 Nc6 6. O-O d4 7. d3 Be7 8. a3 a5 9.
e3 e5 10. exd4 exd4 11. Bg5 O-O 12. Re1 h6 13. Bxf6 Bxf6 14. Nbd2 Bf5 15. Ne4 Be7
16. Qc2 Qc7 17. Re2 Bg4 18. Ned2 Rae8 19. Rae1 Qc8 20. Qb1 h5 21. Qc1 h4 22. gxh4
Qf5 23. Re4 Qh5 24. Nf1 f5 25. Re6 f4 26. Ne5 Bxe6 27. Nxc6 bxc6 28. Rxe6 f3 29.
Ng3 Qxh4 30. Re4 Bg5 31. Rxh4 Bxc1 32. Bh3 Re1+ 33. Nf1 Rf6 34. Rg4 Bf4 35. Rh4 Rg6+
36. Bg4 Rg5 37. h3 g6  0-1

[Event "IV Festival Internacional DUCHAMP in RIO Master - 7 a 14 dezembro - 15.000 USD"]
[Site "Hotel South American, Copacabana , Rio de Janeiro, RJ"]
[Date "2022.12.09"]
[Round "3"]
[Board "10"]
[White "Guimaraes, Diogo Duarte"]
[Black "Brizzi, Milagros Tatiana"]
[Result "1-0"]
[WhiteElo "2290"]
[BlackElo "2028"]
[PlyCount "75"]
[EventDate "2022.12.07"]
[EventRounds "9"]
[EventCountry "BRA"]

1. e4 c6 2. Nc3 d5 3. Nf3 Bg4 4. d4 e6 5. Bd3 dxe4 6. Nxe4 Be7 7. c3 Nf6 8. Ng3 Nh5
9. Qb3 Bxf3 10. gxf3 Nxg3 11. hxg3 Qb6 12. Qc2 Nd7 13. Rxh7 Rxh7 14. Bxh7 O-O-O 15.
Bd3 Rh8 16. Be3 Rh1+ 17. Bf1 Qb5 18. Qe2 Qd5 19. a3 Qb3 20. Rc1 Bd6 21. c4 e5 22.
Qc2 Qa2 23. Kd2 g6 24. c5 exd4 25. Bc4 dxe3+ 26. Kxe3 Bxc5+ 27. Ke2 Rh2 28. Bxa2
Rxf2+ 29. Kd1 Rf1+ 30. Ke2 Rf2+ 31. Ke1 Ne5 32. Qxf2 Bxf2+ 33. Kxf2 Nd3+ 34. Ke3
Nxc1 35. Bxf7 Kd7 36. Kd2 Ke7 37. Bg8 Kf8 38. Bc4  1-0

[Event "IV Festival Internacional DUCHAMP in RIO Master - 7 a 14 dezembro - 15.000 USD"]
[Site "Hotel South American, Copacabana , Rio de Janeiro, RJ"]
[Date "2022.12.09"]
[Round "3"]
[Board "11"]
[White "Diamant, Andre"]
[Black "Nejanky, Maisa"]
[Result "1-0"]
[WhiteElo "2524"]
[BlackElo "1929"]
[PlyCount "53"]
[EventDate "2022.12.07"]
[EventRounds "9"]
[EventCountry "BRA"]

1. d4 Nf6 2. c4 e6 3. Nc3 Bb4 4. e3 O-O 5. Bd3 d5 6. cxd5 exd5 7. Nge2 Re8 8. Qc2
c6 9. Bd2 Nbd7 10. O-O Bd6 11. f3 Qc7 12. h3 b5 13. Rac1 Qb6 14. Kh1 Ba6 15. a3 c5
16. g4 h6 17. Rg1 b4 18. axb4 cxd4 19. Nxd4 Bxd3 20. Qxd3 Ne5 21. Qf5 Nc4 22. g5
hxg5 23. Nxd5 Nxd5 24. Rxc4 Rab8 25. e4 Nf4 26. Bxf4 gxf4 27. Rc6  1-0

[Event "IV Festival Internacional DUCHAMP in RIO Master - 7 a 14 dezembro - 15.000 USD"]
[Site "Hotel South American, Copacabana , Rio de Janeiro, RJ"]
[Date "2022.12.09"]
[Round "3"]
[Board "12"]
[White "Alonso, Salvador"]
[Black "Santos Filho, Tadeu Sousa"]
[Result "1-0"]
[WhiteElo "2471"]
[BlackElo "2018"]
[PlyCount "69"]
[EventDate "2022.12.07"]
[EventRounds "9"]
[EventCountry "BRA"]

1. e4 c6 2. d4 d5 3. Nd2 dxe4 4. Nxe4 Nf6 5. Nxf6+ exf6 6. Nf3 Bd6 7. Bd3 O-O 8.
O-O Bg4 9. h3 Bh5 10. Bf5 Bc7 11. c3 Qd6 12. g3 Na6 13. Qd3 Rfe8 14. Bxh7+ Kh8 15.
Bf5 Qd5 16. g4 g6 17. c4 Qd6 18. gxh5 gxf5 19. Qxf5 Rg8+ 20. Kh1 b6 21. Be3 Nb4 22.
Rg1 Nd3 23. b3 Qe6 24. Qxe6 fxe6 25. Nh4 f5 26. Ng6+ Kh7 27. Rad1 Nb4 28. Rd2 Rg7
29. a3 Rag8 30. Bg5 Na6 31. Re2 Re8 32. Rxe6 Rxe6 33. Nf8+ Kg8 34. Nxe6 Rd7 35. Bf4+
 1-0

[Event "IV Festival Internacional DUCHAMP in RIO Master - 7 a 14 dezembro - 15.000 USD"]
[Site "Hotel South American, Copacabana , Rio de Janeiro, RJ"]
[Date "2022.12.09"]
[Round "3"]
[Board "13"]
[White "De Albuquerque, Ian Telek C."]
[Black "Von Buelow, Georg"]
[Result "1-0"]
[WhiteElo "1986"]
[BlackElo "2361"]
[PlyCount "61"]
[EventDate "2022.12.07"]
[EventRounds "9"]
[EventCountry "BRA"]

1. e4 e5 2. d4 exd4 3. Qxd4 Nc6 4. Qd3 Nf6 5. Nc3 Be7 6. Bg5 O-O 7. O-O-O d6 8. f3
Rb8 9. h4 a6 10. g4 b5 11. Bxf6 Bxf6 12. Qd2 Be6 13. g5 Bd4 14. Nge2 Bc5 15. f4 Re8
16. Kb1 b4 17. Nd5 Bg4 18. Bg2 a5 19. h5 a4 20. h6 Ne7 21. Nxe7+ Qxe7 22. hxg7 a3
23. Ng3 f6 24. Bh3 Bxd1 25. Qxd1 fxg5 26. Nh5 gxf4 27. Qd5+ Qf7 28. Qg5 Bd4 29. Bf5
Bxg7 30. Rg1 Re7 31. Qh6  1-0

[Event "IV Festival Internacional DUCHAMP in RIO Master - 7 a 14 dezembro - 15.000 USD"]
[Site "Hotel South American, Copacabana , Rio de Janeiro, RJ"]
[Date "2022.12.09"]
[Round "3"]
[Board "14"]
[White "Cezar Junior, William Carlos"]
[Black "Terao, Juliana Sayumi"]
[Result "1-0"]
[WhiteElo "2023"]
[BlackElo "2240"]
[PlyCount "99"]
[EventDate "2022.12.07"]
[EventRounds "9"]
[EventCountry "BRA"]

1. c4 e6 2. g3 Nf6 3. Bg2 d5 4. Nf3 Be7 5. O-O O-O 6. d3 c5 7. a3 Nc6 8. Qc2 b6 9.
b4 Bb7 10. bxc5 Bxc5 11. cxd5 Qxd5 12. Bb2 Rac8 13. Nbd2 Rfd8 14. Bxf6 gxf6 15. Ne4
Be7 16. Qb2 Kg7 17. a4 Na5 18. Rac1 Qb3 19. Qa1 Qa3 20. Rxc8 Rxc8 21. Qxa3 Bxa3 22.
Nd4 f5 23. Ng5 Bxg2 24. Kxg2 Bc5 25. Rc1 h6 26. Ngf3 Rd8 27. Nb5 Kf6 28. Nxa7 e5
29. Rc2 e4 30. dxe4 fxe4 31. Nd2 Kf5 32. Nb5 Nc6 33. g4+ Ke5 34. Nc4+ Kd5 35. Nc7+
Kd4 36. Nxb6 Bxb6 37. Rxc6 Bxc7 38. Rxc7 Rb8 39. Rd7+ Ke5 40. Re7+ Kd5 41. Kh3 Ra8
42. f3 exf3 43. exf3 f5 44. gxf5 Rxa4 45. Kg3 Ra6 46. h4 Rb6 47. Kg4 Ra6 48. f4 Rf6
49. h5 Rb6 50. Re5+  1-0

[Event "IV Festival Internacional DUCHAMP in RIO Master - 7 a 14 dezembro - 15.000 USD"]
[Site "Hotel South American, Copacabana , Rio de Janeiro, RJ"]
[Date "2022.12.09"]
[Round "3"]
[Board "15"]
[White "Labussiere, Yago"]
[Black "Kim, Thiago"]
[Result "1-0"]
[WhiteElo "2229"]
[BlackElo "1918"]
[PlyCount "55"]
[EventDate "2022.12.07"]
[EventRounds "9"]
[EventCountry "BRA"]

1. c4 c5 2. Nc3 Nf6 3. e4 d6 4. g3 g6 5. Bg2 Bg7 6. Nge2 Nc6 7. O-O O-O 8. d3 a6
9. a3 Rb8 10. Rb1 Nd4 11. Nxd4 cxd4 12. Ne2 Nd7 13. f4 b5 14. cxb5 axb5 15. g4 Nc5
16. b4 Na4 17. f5 Qb6 18. Qb3 Nc3 19. Rb2 gxf5 20. gxf5 d5 21. exd5 Nxe2+ 22. Rxe2
Bd7 23. Rxe7 Qd6 24. f6 Bxf6 25. Rxd7 Qxd7 26. Rxf6 Rbc8 27. Rf1 Rfe8 28. Qd1  1-0

[Event "IV Festival Internacional DUCHAMP in RIO Master - 7 a 14 dezembro - 15.000 USD"]
[Site "Hotel South American, Copacabana , Rio de Janeiro, RJ"]
[Date "2022.12.09"]
[Round "3"]
[Board "16"]
[White "Piasetski, Leon"]
[Black "Fonseca, Luis Ernesto Serra Azul"]
[Result "1/2-1/2"]
[WhiteElo "2198"]
[BlackElo "1953"]
[PlyCount "111"]
[EventDate "2022.12.07"]
[EventRounds "9"]
[EventCountry "BRA"]

1. c4 c5 2. Nf3 g6 3. d4 cxd4 4. Nxd4 Nf6 5. Nc3 Nc6 6. e4 d6 7. Be2 Nxd4 8. Qxd4
Bg7 9. Be3 O-O 10. Qd2 Be6 11. Rc1 Qa5 12. f3 Rfc8 13. b3 a6 14. g4 b5 15. g5 Nd7
16. Nd5 Qxd2+ 17. Kxd2 Bxd5 18. cxd5 Bb2 19. Rxc8+ Rxc8 20. Rb1 Bc3+ 21. Kd1 Bg7
22. a4 Rb8 23. axb5 axb5 24. b4 Nb6 25. Rc1 Na4 26. Bd2 Bd4 27. Rc7 Kf8 28. Kc2 Ke8
29. Kb3 Kd8 30. Rc2 Nb6 31. h4 Na8 32. f4 Nc7 33. Ra2 Rb7 34. h5 Ra7 35. Rxa7 Bxa7
36. Kc3 Ke8 37. Kd3 Kf8 38. Bc3 Bf2 39. Bg4 Bg1 40. hxg6 hxg6 41. Bd7 Bf2 42. Ke2
Bg1 43. Kf3 Bb6 44. Bc6 Bg1 45. e5 Bb6 46. Ke4 Bf2 47. Bd2 Bg1 48. Be1 Bb6 49. Bc3
Bf2 50. e6 fxe6 51. dxe6 Nxe6 52. Bxb5 Nc7 53. Bc6 Bb6 54. b5 Ba7 55. Ba5 Bb8 56.
Bb4  1/2-1/2

[Event "IV Festival Internacional DUCHAMP in RIO Master - 7 a 14 dezembro - 15.000 USD"]
[Site "Hotel South American, Copacabana , Rio de Janeiro, RJ"]
[Date "2022.12.09"]
[Round "3"]
[Board "17"]
[White "Ribeiro, Matheus Mendes Domingues"]
[Black "Brambilla, Renee Blandy T."]
[Result "1-0"]
[WhiteElo "2192"]
[BlackElo "1661"]
[PlyCount "77"]
[EventDate "2022.12.07"]
[EventRounds "9"]
[EventCountry "BRA"]

1. c4 Nf6 2. Nc3 g6 3. g3 Bg7 4. Bg2 d6 5. e4 c5 6. d3 O-O 7. Nge2 Nc6 8. O-O a6
9. h3 Rb8 10. a4 b5 11. axb5 axb5 12. Nxb5 Bb7 13. Be3 Ne8 14. Qd2 Nc7 15. Nxc7 Qxc7
16. Nc3 Nd4 17. Bxd4 Bxd4 18. Nb5 Qb6 19. Nxd4 cxd4 20. b4 Ra8 21. b5 e5 22. Qb4
Qc5 23. Qxc5 dxc5 24. f4 f6 25. Rxa8 Rxa8 26. fxe5 fxe5 27. Rf6 Re8 28. h4 Kg7 29.
Rd6 Kf7 30. Bh3 Re7 31. Bd7 Kf8 32. Bc6 Kf7 33. Bxb7 Rxb7 34. Rc6 Ke7 35. Rxc5 Kd6
36. Rc6+ Ke7 37. Kf2 Kd7 38. Kf3 Ke7 39. Kg4  1-0

[Event "IV Festival Internacional DUCHAMP in RIO Master - 7 a 14 dezembro - 15.000 USD"]
[Site "Hotel South American, Copacabana , Rio de Janeiro, RJ"]
[Date "2022.12.09"]
[Round "3"]
[Board "18"]
[White "Frankental, David"]
[Black "Do Nascimento, Christian Almeida"]
[Result "1-0"]
[WhiteElo "1947"]
[BlackElo "2087"]
[PlyCount "73"]
[EventDate "2022.12.07"]
[EventRounds "9"]
[EventCountry "BRA"]

1. Nf3 Nf6 2. c4 e6 3. d4 d5 4. e3 a6 5. Qc2 dxc4 6. Bxc4 b5 7. Bd3 Bb7 8. Nbd2 Nbd7
9. Nb3 Rc8 10. Na5 Bxf3 11. gxf3 c5 12. Nb7 Qb6 13. Nxc5 Nxc5 14. dxc5 Bxc5 15. Bd2
O-O 16. Qb3 Rfd8 17. Ke2 Rd7 18. Rad1 Rcd8 19. Bc3 Nd5 20. Rhg1 g6 21. Be4 b4 22.
Be5 Qb5+ 23. Bd3 Qb6 24. Be4 Bf8 25. Bxd5 Rxd5 26. Rxd5 Rxd5 27. f4 Qb5+ 28. Kf3
Rd2 29. Re1 a5 30. a4 Qc6+ 31. Kg3 h5 32. e4 Bc5 33. Rd1 Bxf2+ 34. Kf3 Rxd1 35. Qxd1
Bc5 36. Qd8+ Bf8 37. Qf6  1-0

[Event "IV Festival Internacional DUCHAMP in RIO Master - 7 a 14 dezembro - 15.000 USD"]
[Site "Hotel South American, Copacabana , Rio de Janeiro, RJ"]
[Date "2022.12.09"]
[Round "3"]
[Board "19"]
[White "De Resende, Kalyndi Carvalho"]
[Black "Lima, Stefan Moisei Vieira"]
[Result "1-0"]
[WhiteElo "1926"]
[BlackElo "2076"]
[PlyCount "47"]
[EventDate "2022.12.07"]
[EventRounds "9"]
[EventCountry "BRA"]

1. e4 c5 2. c3 Nf6 3. e5 Nd5 4. d4 cxd4 5. Nf3 e6 6. cxd4 d6 7. Nc3 Nxc3 8. bxc3
Qc7 9. Qc2 Nd7 10. Bf4 dxe5 11. Nxe5 Bd6 12. Bb5 O-O 13. Nxd7 Bxd7 14. Bxd6 Qxd6
15. Bxd7 Qxd7 16. O-O Rfc8 17. Rfd1 Qd5 18. Rac1 Rc4 19. Qb3 b5 20. Re1 a6 21. Qb2
Rac8 22. Qa3 Ra4 23. Qb3 Rxa2 24. c4  1-0

[Event "IV Festival Internacional DUCHAMP in RIO Master - 7 a 14 dezembro - 15.000 USD"]
[Site "Hotel South American, Copacabana , Rio de Janeiro, RJ"]
[Date "2022.12.09"]
[Round "3"]
[Board "21"]
[White "Roselli Mailhe, Bernardo"]
[Black "Hirano, Enzo Erich Kreutz"]
[Result "1-0"]
[WhiteElo "2390"]
[BlackElo "1691"]
[PlyCount "75"]
[EventDate "2022.12.07"]
[EventRounds "9"]
[EventCountry "BRA"]

1. d4 Nf6 2. c4 e6 3. Nf3 d5 4. Nc3 Bb4 5. Qa4+ Nc6 6. e3 O-O 7. Bd2 Bd7 8. Qc2 Bxc3
9. Bxc3 Ne4 10. Bd3 Nxc3 11. Qxc3 a5 12. O-O Re8 13. Rac1 Qe7 14. Rfd1 Nb4 15. Bb1
Rec8 16. Ne5 f6 17. Nxd7 Qxd7 18. a3 Nc6 19. cxd5 exd5 20. Qd3 g6 21. Qb5 Ne5 22.
Qxb7 Nc4 23. Ba2 Rcb8 24. Qxd5+ Qxd5 25. Bxc4 Qxc4 26. Rxc4 Rxb2 27. Rxc7 Rb3 28.
g4 Rab8 29. Ra7 Rxa3 30. Rc1 Ra2 31. Rcc7 a4 32. Rg7+ Kf8 33. Rxh7 Kg8 34. Rhg7+
Kh8 35. Rxg6 a3 36. Rxf6 Ra1+ 37. Kg2 a2 38. h4  1-0

[Event "IV Festival Internacional DUCHAMP in RIO Master - 7 a 14 dezembro - 15.000 USD"]
[Site "Hotel South American, Copacabana , Rio de Janeiro, RJ"]
[Date "2022.12.09"]
[Round "3"]
[Board "22"]
[White "Silva, Kaua Marques"]
[Black "Cincinato, Thalita Ariane C."]
[Result "1-0"]
[WhiteElo "2199"]
[BlackElo "1845"]
[PlyCount "51"]
[EventDate "2022.12.07"]
[EventRounds "9"]
[EventCountry "BRA"]

1. e4 c5 2. Nf3 b6 3. d4 cxd4 4. Nxd4 Bb7 5. Bg5 h6 6. Bh4 g5 7. Bg3 Bg7 8. Nc3 a6
9. Bc4 e6 10. Ndb5 axb5 11. Nxb5 Kf8 12. Bc7 Qc8 13. f4 Ne7 14. fxg5 Na6 15. O-O
Nxc7 16. Nd6 Ne8 17. Rxf7+ Kg8 18. Nxc8 Kxf7 19. Qf3+ Nf5 20. Qxf5+ Bf6 21. Nd6+
Ke7 22. gxf6+ Nxf6 23. Qe5 Bc6 24. Rf1 Raf8 25. Nf5+ Kf7 26. Nd4  1-0

[Event "IV Festival Internacional DUCHAMP in RIO Master - 7 a 14 dezembro - 15.000 USD"]
[Site "Hotel South American, Copacabana , Rio de Janeiro, RJ"]
[Date "2022.12.09"]
[Round "3"]
[Board "23"]
[White "Moyses Sobrinho, Elias"]
[Black "Rocha, Vitor Firmo De Souza"]
[Result "0-1"]
[WhiteElo "1839"]
[BlackElo "2192"]
[PlyCount "56"]
[EventDate "2022.12.07"]
[EventRounds "9"]
[EventCountry "BRA"]

1. d4 Nf6 2. c4 e6 3. Nf3 d5 4. e3 c5 5. dxc5 Bxc5 6. cxd5 exd5 7. Bb5+ Nc6 8. O-O
O-O 9. Nc3 Bg4 10. h3 Bh5 11. Be2 Re8 12. b3 Rc8 13. Bb2 a6 14. Na4 Ba7 15. Bxf6
Qxf6 16. Qxd5 Bg6 17. Qg5 Qxg5 18. Nxg5 Nb4 19. Rac1 Nxa2 20. Rxc8 Rxc8 21. Bf3 b5
22. Nb2 h6 23. Ne4 Nb4 24. Rd1 Rc2 25. Nd3 Nxd3 26. Rxd3 Rc7 27. Rd6 Rc1+ 28. Kh2
Bb8  0-1

[Event "IV Festival Internacional DUCHAMP in RIO Master - 7 a 14 dezembro - 15.000 USD"]
[Site "Hotel South American, Copacabana , Rio de Janeiro, RJ"]
[Date "2022.12.09"]
[Round "3"]
[Board "24"]
[White "Uczai, Joao Pedro Filimberti"]
[Black "Jenidarchiche, Douglas Rodrigo"]
[Result "1-0"]
[WhiteElo "2093"]
[BlackElo "1837"]
[PlyCount "57"]
[EventDate "2022.12.07"]
[EventRounds "9"]
[EventCountry "BRA"]

1. e4 e5 2. Nf3 Nc6 3. d4 exd4 4. Nxd4 Qf6 5. Nb5 Bc5 6. Qe2 Bb6 7. N1c3 Nge7 8.
Be3 Ba5 9. O-O-O a6 10. Nd4 Bxc3 11. bxc3 d6 12. Qd2 Bd7 13. f4 O-O-O 14. Kb2 h6
15. Rg1 Rhe8 16. Bd3 Nb8 17. Rde1 d5 18. e5 Qb6+ 19. Ka1 Qa5 20. Rb1 Ba4 21. g4 c5
22. Nf5 Nxf5 23. gxf5 d4 24. cxd4 Qxd2 25. Bxd2 c4 26. Be4 Rxd4 27. Bxb7+ Kc7 28.
Ba5+ Kd7 29. Rbd1  1-0